| 000 | 00811nam a22002177a 4500 | ||
|---|---|---|---|
| 999 |
_c10434 _d10434 |
||
| 003 | AR-CdUCM | ||
| 008 | 190401b ||||| |||| 00| 0 spa d | ||
| 040 |
_aMUNICIPALIDAD PROVINCIAL DEL CUSCO _cBIBLIOTECA MUNICIPAL DEL CUSCO |
||
| 082 |
_a927.3 / _bR74 / 1909 |
||
| 100 |
_aDircks, Rodolfo _927286 |
||
| 245 | _aAugusto Rodin / | ||
| 260 |
_aMadrid : _bSaenz de jubera hermanos, _c1909. |
||
| 300 |
_a77 paginas ; _c17 cm. |
||
| 505 | _aContenido : Introducción -- Rondin y las tendencias modernas -En el arte instintivo -- Combinación del espíritu artístico y filosófico -- El renacimiento y la escultura gótica ... | ||
| 650 |
_aLiteratura _983 |
||
| 650 |
_aEspañola _924066 |
||
| 650 |
_aUniversal _918236 |
||
| 700 |
_aAlvarez Dumont, Eugenio _927287 |
||
| 942 |
_2ddc _cLIBROS |
||
| 945 | _arah | ||